[Event "2017 Standard Chess Dropout Tournament, Round 4"]
[Site "SchemingMind.com"]
[Date "2018.02.07"]
[Round "4"]
[White "Adrian Grajczak"]
[Black "simon_w"]
[Result "1-0"]
[WhiteCountry "POL"]
[BlackCountry "IRL"]
[WhiteElo "1814"]
[WhiteRD "88"]
[BlackElo "1868"]
[BlackRD "105"]
[GameID "424376"]

1. e4 e6 2. d3 c5 3. Nf3 Nc6 4. Nbd2 d5 5. g3 g6 6. Bg2 Bg7 7. O-O Nge7 8. c3 b6 9. Re1 h6 10. Qc2 a5
11. exd5 Nxd5 12. Nf1 O-O 13. a3 Ra7 14. h4 f5 15. Ne3 Raf7 16. Nc4 Qc7 17. a4 e5 18. Nfxe5 Nxe5 19. Bxd5
1-0

[Event "2017 Standard Chess Dropout Tournament, Round 4"]
[Site "SchemingMind.com"]
[Date "2018.02.07"]
[Round "4"]
[White "smothered mate"]
[Black "Diadoco"]
[Result "1-0"]
[WhiteCountry "POL"]
[BlackCountry "MEX"]
[WhiteElo "2114"]
[WhiteRD "83"]
[BlackElo "2018"]
[BlackRD "84"]
[GameID "424377"]

1. e4 c5 2. Nf3 d6 3. c3 Nf6 4. Be2 g6 5. d4 cxd4 6. cxd4 Nxe4 7. d5 Nf6 8. h3 Bg7 9. Nc3 O-O 10. O-O b6
11. Qb3 Bb7 12. Rd1 Nbd7 13. Be3 Nc5 14. Qc2 Rc8 15. Rac1 Nce4 16. Qb3 Nxc3 17. bxc3 Bxd5 18. Rxd5 Nxd5 19. Qxd5 Rxc3 20. Rxc3 Bxc3
21. Nd4 Bxd4 22. Qxd4 e5 23. Qa4 Qe7 24. Bh6 Rc8 25. Qe4 Qe6 26. Ba6 d5 27. Bxc8 Qxc8 28. Qxe5
1-0

[Event "2017 Standard Chess Dropout Tournament, Round 4"]
[Site "SchemingMind.com"]
[Date "2018.02.08"]
[Round "4"]
[White "Yos"]
[Black "chesshub"]
[Result "0-1"]
[WhiteCountry "INA"]
[BlackCountry "FRA"]
[WhiteElo "2528"]
[WhiteRD "102"]
[BlackElo "2635"]
[BlackRD "87"]
[GameID "424378"]

1. d4 Nf6 2. Nf3 d5 3. c4 e6 4. Nc3 c6 5. e3 Nbd7 6. Qc2 Bd6 7. Bd3 O-O 8. O-O dxc4 9. Bxc4 a6 10. a4 c5
11. dxc5 Bxc5 12. Ne4 Nxe4 13. Qxe4 Nf6 14. Qh4 Nd5 15. Qh3 b6 16. e4 Ne7 17. b3 Ng6 18. Bb2 Bb7 19. Qg4 Qc7 20. Rae1 Bb4
21. Re2 Rac8 22. g3 Qd7 23. Ne5 Qd6 24. Nxg6 hxg6 25. Re3 Qc6 26. Qg5 Rfd8 27. Qe5 Bf8 28. h4 Rd2 29. Rfe1 Qd7 30. Bc3 Rc5
31. Qb8 Rd6 32. Qa7 a5 33. Bb2 Qc7 34. Ba3 Rd2 35. Rf1 Ra2 36. Bxc5 Bxc5 37. Rc3 Qc8 38. Bb5 Bxe4 39. Rc4 Bb7 40. Rxc5 bxc5
41. Qb6 e5 42. Qd6 Bf3 43. Kh2 Qf5 44. Bd7 Qe4 45. Qxc5 Rc2 46. Qb6 Kh7 47. Bb5 f5 48. Rg1 Bg4 49. Be8 f4 50. Rg2 Bf3
51. g4 Rc8 52. Rg1 Rxe8 53. b4 axb4
0-1

[Event "2017 Standard Chess Dropout Tournament, Round 5"]
[Site "SchemingMind.com"]
[Date "2018.08.13"]
[Round "5"]
[White "Apocalypse"]
[Black "greghghs"]
[Result "1/2-1/2"]
[WhiteCountry "USA"]
[BlackCountry "ENG"]
[WhiteElo "2449"]
[WhiteRD "90"]
[BlackElo "2402"]
[BlackRD "93"]
[GameID "431317"]

1. d4 d5 2. Nc3 c6 3. e4 dxe4 4. Nxe4 Bf5 5. Ng3 Bg6 6. Nf3 Nd7 7. h4 h6 8. h5 Bh7 9. Bd3 Bxd3 10. Qxd3 e6
11. Bf4 Qa5+ 12. Bd2 Bb4 13. a3 Bxd2+ 14. Nxd2 Ngf6 15. O-O-O O-O 16. Nge4 Rad8 17. Kb1 Qc7 18. Qe2 Nd5 19. Rhe1 c5 20. Nxc5 Nxc5
21. dxc5 Qxc5 22. g4 Rc8 23. Ne4 Qc6 24. g5 hxg5 25. Nxg5 Nf4 26. Qd2 f6 27. Ne4 Rfd8 28. Nd6 Qf3 29. h6 Rc6 30. Qb4 Rb6
31. Qc5 Qc6 32. Qe3 Rxd6 33. Qxf4 Qc3 34. Qc1 Rxb2+ 35. Qxb2 Rb6 36. Qxb6 axb6 37. Rxe6 Qxa3 38. Rxb6 Qa7 39. Rdd6 gxh6 40. Rxf6 Qa5
41. Rfd6 Qe1+ 42. Kb2 Qe5+ 43. Kb3 Qa1 44. Rd8+ Kf7 45. Rxb7+ Kf6 46. Rbd7 h5 47. Rd1 Qa7 48. R8d6+ Ke7 49. R6d4 Qb7+ 50. Ka2 Qa6+
51. Kb2 Qb5+ 52. Kc3 Qc5+ 53. Kd3 Qf5+ 54. Ke2 Qxc2+ 55. Kf1 Kf7 56. R1d3 Qc1+ 57. Rd1 Qc6 58. Kg1 Qg6+=
1/2-1/2

[Event "2017 Standard Chess Dropout Tournament, Round 5"]
[Site "SchemingMind.com"]
[Date "2018.08.11"]
[Round "5"]
[White "George Dimitrov"]
[Black "lawyertheologian"]
[Result "1-0"]
[WhiteCountry "BUL"]
[BlackCountry "USA"]
[WhiteElo "2498"]
[WhiteRD "98"]
[BlackElo "1992"]
[BlackRD "90"]
[GameID "431320"]

1. e4 Nf6 2. e5 Nd5 3. d4 d6 4. Nf3 g6 5. Bc4 Nb6 6. Bb3 Bg7 7. a4 dxe5 8. a5 N6d7 9. Bxf7+ Kxf7 10. Ng5+ Kg8
11. Ne6 Qe8 12. Nxc7 Qd8 13. Nxa8 exd4 14. O-O Nc6 15. c3 Nc5 16. cxd4 Bxd4 17. Be3 e5 18. Na3 Bf5 19. Rc1 Ne6 20. a6 Qxa8
21. Qb3 Na5 22. Qd5 Qd8 23. Qxd8+ Nxd8 24. Bxd4 exd4 25. Rc5 b6 26. Rc7 Nf7 27. Rd1 d3 28. Nb5 Nb3 29. Rxa7 d2 30. Ra8+ Kg7
31. Rxh8 Kxh8 32. Nc3 Bc8 33. a7 Bb7 34. Nb1 Ne5 35. Nxd2 Nd4 36. Nc4
1-0

[Event "2017 Standard Chess Dropout Tournament, Round 5"]
[Site "SchemingMind.com"]
[Date "2018.08.16"]
[Round "5"]
[White "GKThomas"]
[Black "Sebastian Strauchler"]
[Result "1-0"]
[WhiteCountry "USA"]
[BlackCountry "ARG"]
[WhiteElo "2209"]
[WhiteRD "142"]
[BlackElo "2258"]
[BlackRD "109"]
[GameID "431321"]

1. e4 c5 2. c3 d5 3. exd5 Qxd5 4. d4 g6 5. Nf3 Bg7 6. Na3 cxd4 7. Bc4 Qe4+ 8. Be3 Nh6 9. cxd4 O-O 10. O-O Bg4
11. Bxh6 Bxh6 12. Re1 Bxf3 13. Rxe4 Bxd1 14. Rxd1 Bg5 15. Re5 Bf6 16. Rb5 Nc6 17. d5 Nd8 18. Rb3 Rc8 19. Bf1 Rc5 20. Nc4 b5
21. Ne3 a6 22. Ra3 Nb7 23. Rxa6 Nd6 24. b3 Rfc8 25. a4 Rc3 26. Rc6 Rxb3 27. Bxb5 Ra8 28. Bd3 Ra3 29. Bc2 Rb8 30. g3 Rb2
31. Rd3 Raa2 32. Rb3 Rxb3 33. Bxb3 Ra3 34. Rb6 Ra1+ 35. Kg2 Rb1 36. Rb8+ Kg7 37. a5 Bd4 38. Nc2 Bc5 39. a6 Kf6 40. Rb4 g5
41. Ba2 Rc1 42. Rb2 Rd1 43. Ne3 Rd4 44. Bb1 Ra4 45. Ra2 Rxa2 46. Bxa2 Ne8 47. Ng4+ Kg7 48. Ne5 Nd6 49. f4 gxf4 50. gxf4 Nb5
51. h4 h6 52. Nc6 Kf6 53. Bc4 Nd6 54. Bd3 Nc8 55. Kf3 e6 56. dxe6 Kxe6 57. f5+ Kd6 58. Be4 Kc7 59. h5 Kb6 60. Ne5 Kxa6
61. Nxf7 Bf8 62. Ne5 Bd6 63. Ng6 Nb6 64. Bc6 Ka7 65. f6 Kb8 66. f7 Kc7 67. Bb5 Kd8 68. Ke4
1-0

[Event "2017 Standard Chess Dropout Tournament, Round 5"]
[Site "SchemingMind.com"]
[Date "2018.08.15"]
[Round "5"]
[White "greghghs"]
[Black "Russell Sherwood"]
[Result "1/2-1/2"]
[WhiteCountry "ENG"]
[BlackCountry "WLS"]
[WhiteElo "2390"]
[WhiteRD "92"]
[BlackElo "2401"]
[BlackRD "105"]
[GameID "431322"]

1. d4 Nf6 2. c4 g6 3. Nc3 d5 4. cxd5 Nxd5 5. e4 Nxc3 6. bxc3 Bg7 7. Nf3 c5 8. Rb1 O-O 9. Be2 cxd4 10. cxd4 Qa5+
11. Bd2 Qxa2 12. O-O Bg4 13. Be3 Nc6 14. d5 Na5 15. Bg5 Qa3 16. Re1 Bxf3 17. Bxf3 Be5 18. Bg4 Rab8 19. Bd2 Nc4 20. Bb4 Qa6
21. Bxe7 Rfe8 22. Bg5 Qd6 23. Kh1 b5 24. Qc1 h5 25. Bh3 f6 26. Be3 Qa3 27. Qc2 Nxe3 28. Rxe3 Qa4 29. Reb3 Kg7 30. Bd7=
1/2-1/2

[Event "2017 Standard Chess Dropout Tournament, Round 5"]
[Site "SchemingMind.com"]
[Date "2018.08.12"]
[Round "5"]
[White "John Hamer"]
[Black "William Lindberg"]
[Result "0-1"]
[WhiteCountry "ENG"]
[BlackCountry "USA"]
[WhiteElo "2015"]
[WhiteRD "72"]
[BlackElo "2526"]
[BlackRD "67"]
[GameID "431323"]

1. d4 Nf6 2. Bf4 d5 3. Nf3 c5 4. e3 e6 5. Nbd2 Nc6 6. c3 Bd6 7. Bg3 O-O 8. Bd3 b6 9. O-O Bxg3 10. hxg3 Bb7
11. Ne5 Nxe5 12. dxe5 Ne4 13. Nxe4 dxe4 14. Bb5 h6 15. Qh5 Qc7 16. Bc4= Rad8 17. Rad1 a6 18. a4 Bc6 19. b3 b5 20. axb5 axb5
21. Be2 Rd5 22. Rxd5 Bxd5 23. Bxb5= Bxb3 24. c4 Ra8 25. Rb1 Bc2 26. Rc1 Bd3 27. Rd1 Ra2 28. g4 Kh7 29. Rc1 g5 30. Qh2 Qa5
31. Qh5 Kg7 32. Rd1 Qc3 33. Be8= Ra7 34. Bc6 Qc2 35. Re1 Qd2 36. Rf1 Bxf1 37. Bxe4 Ra1
0-1

[Event "2017 Standard Chess Dropout Tournament, Round 5"]
[Site "SchemingMind.com"]
[Date "2018.08.12"]
[Round "5"]
[White "JAHI"]
[Black "John Hamer"]
[Result "1-0"]
[WhiteCountry "INT"]
[BlackCountry "ENG"]
[WhiteElo "2079"]
[WhiteRD "74"]
[BlackElo "2047"]
[BlackRD "71"]
[GameID "431324"]

1. c3 d5 2. e3 Nf6 3. c4 Nc6 4. cxd5 Nxd5 5. Nf3 e5 6. Nc3 Bf5 7. Bb5 f6 8. d3 Nb4 9. e4 Bg4 10. a3 Na6
11. h3 Be6 12. d4 exd4 13. Nxd4 Bd7 14. Nxc6 Bxc6 15. Bxc6+ bxc6 16. Qa4 Nb8 17. Bf4 Bd6 18. Rd1 O-O 19. Bxd6 cxd6 20. Qb4 c5
21. Qb7 Nd7 22. Rxd6 Rf7 23. Rd2 Qe8 24. f3 Nb6 25. Qa6 Qe7 26. Kf2 f5 27. Re1 Qh4+ 28. Kf1 fxe4 29. Rxe4 Qg5 30. Qe2 Qh6
31. Kg1 Raf8 32. Nd5 Rd7 33. Ne7+ Kh8 34. Rxd7 Nxd7 35. Qc4 Nf6 36. Re6 Qg5 37. h4 Qh5 38. Rc6 Qe5 39. Re6 Qxb2 40. Qxc5 Rd8
41. Kh2 Qb8+ 42. Kh3 Qb7 43. Qe5 Qd7 44. Kh2 Rf8= 45. Ra6 Qb7 46. Rc6 Nd5 47. Nf5 Qb8 48. Qxb8 Rxb8 49. Ra6 Ra8= 50. Nd4 Nc7
51. Rd6 Ne8 52. Ra6 Nc7= 53. Rd6 Ne8= 54. Rd7
1-0

[Event "2017 Standard Chess Dropout Tournament, Round 5"]
[Site "SchemingMind.com"]
[Date "2018.08.16"]
[Round "5"]
[White "Sebastian Strauchler"]
[Black "George Dimitrov"]
[Result "1/2-1/2"]
[WhiteCountry "ARG"]
[BlackCountry "BUL"]
[WhiteElo "2269"]
[WhiteRD "113"]
[BlackElo "2494"]
[BlackRD "96"]
[GameID "431325"]

1. e4 c6 2. d4 d5 3. Nd2 dxe4 4. Nxe4 Bf5 5. Ng3 Bg6 6. h4 h6 7. h5 Bh7 8. Nf3 Nd7 9. Bd3 Bxd3 10. Qxd3 e6
11. Bf4 Qa5+ 12. Bd2 Qc7 13. O-O-O Ngf6 14. Ne4 O-O-O 15. g3 Nc5 16. Nxc5 Bxc5 17. c4 Rhe8 18. Bc3 Bd6 19. Qe2 Ng4 20. Kb1 Qe7
21. a3 Bc7 22. Ka2 f5 23. Nh4 Nf6 24. Ng6 Qf7 25. b3 Kb8 26. Rhe1 Ka8 27. Qf3 Rd7 28. Bb2 Rdd8 29. Re3= Qd7 30. Red3 Qf7
31. Re3 Kb8 32. Red3 Ka8 33. Re3=
1/2-1/2

[Event "2017 Standard Chess Dropout Tournament, Round 5"]
[Site "SchemingMind.com"]
[Date "2018.08.12"]
[Round "5"]
[White "lawyertheologian"]
[Black "JAHI"]
[Result "1/2-1/2"]
[WhiteCountry "USA"]
[BlackCountry "INT"]
[WhiteElo "2016"]
[WhiteRD "92"]
[BlackElo "2113"]
[BlackRD "78"]
[GameID "431326"]

1. e4 c6 2. Nc3 d6 3. d4 d5 4. Nf3 dxe4 5. Nxe4 Nf6 6. Bd3 Nxe4 7. Bxe4 Nd7 8. O-O g6 9. Re1 Bg7 10. Qe2 Nf6
11. Bd3 Bg4 12. c3 e6 13. h3 Bxf3 14. Qxf3 Nd5 15. Bd2 Rc8 16. Rad1 Qd7 17. Bc1 Nb6 18. Bg5 Qd5 19. Qg3 h6 20. Bf4 g5
21. Bc1 Bf8 22. b3 Qd6 23. Qf3 Bg7 24. Bb1 Nd5 25. c4 Ne7 26. Qe4 Rd8 27. Be3 Nf5 28. d5 Nxe3 29. Rxe3 cxd5 30. cxd5 Qf4
31. Qc2 Qd6 32. Ree1 e5 33. Qf5 Kf8 34. Rc1 Qxd5 35. Rc7 e4 36. Bxe4 Qxf5 37. Bxf5 Bf6 38. Re2 Rd1+ 39. Kh2 Rd5 40. Rxf7+ Kxf7
41. Be6+ Kg7 42. Bxd5 b6 43. Kg3 Rd8 44. Be4 h5 45. f4 Re8 46. Kf3 Rc8 47. fxg5 Bxg5 48. Bf5 Rc3+ 49. Ke4 Kh6 50. Kd4 Bf6+
51. Kd5 Kg5 52. Bd7 Kh4 53. g4 hxg4 54. hxg4 Rc5+ 55. Kd6 Kg5 56. Re8 a6 57. Rg8+ Kf4 58. Rf8 Kg5 59. Rf7 a5 60. Bf5 Bc3
61. Rb7 Be5+ 62. Ke6 b5 63. Rh7 Bc3 64. Kd6 Bb4 65. Kd7 a4 66. Be6 axb3 67. axb3 Rc3 68. Rh5+ Kf4 69. Rxb5 Rd3+ 70. Kc7 Bc3
71. Rf5+ Ke4 72. Rb5 Be5+ 73. Kb7 Rd8 74. g5 Re8 75. Rb6 Re7+ 76. Ka6 Bd4 77. Rc6 Ke5 78. Bc4 Ra7+ 79. Kb5 Rb7+ 80. Ka4 Rb6
81. Rxb6 Bxb6 82. g6 Kf6 83. Bd3 Bd4 84. Kb5 Ke6 85. Kc6 Bc3 86. Bc4+ Ke7 87. Kc5 Bg7 88. b4 Bf8 89. b5 Kf6+ 90. Kd5 Kxg6
91. b6 Bh6 92. Ke4 Bf8 93. Kd5 Bh6 94. Bd3+ Kf6 95. Ke4 Bf8 96. Kd5 Bh6 97. Ke4 Bf8 98. Kd5 Bh6 99. Ke4 Bf8 100. Kd5 Bh6
101. Ke4 Bf8 102. Kd5 Bh6 103. Ke4 Bf8 104. Kd5 Bh6 105. Ke4 Bf8
1/2-1/2

[Event "2017 Standard Chess Dropout Tournament, Round 5"]
[Site "SchemingMind.com"]
[Date "2018.08.13"]
[Round "5"]
[White "William Lindberg"]
[Black "GKThomas"]
[Result "1-0"]
[WhiteCountry "USA"]
[BlackCountry "USA"]
[WhiteElo "2506"]
[WhiteRD "70"]
[BlackElo "2140"]
[BlackRD "148"]
[GameID "431327"]

1. c4 e5 2. g3 Nf6 3. Bg2 Nc6 4. Nc3 Bc5 5. e3 d6 6. Nge2 O-O 7. O-O Bb6 8. h3 Bf5 9. d3 Nb4 10. g4 Bxd3
11. a3 Bxe2 12. Qxe2 Nc6 13. b4 h6 14. Bb2 Qe7 15. Rac1 a5 16. b5 Nd8 17. Nd5 Nxd5 18. cxd5 a4 19. Be4 f6 20. Bg6 Nf7
21. Kg2 Nh8= 22. Bf5 Qe8 23. Be6+ Nf7 24. Rb1 g6 25. f4 Kg7 26. f5 g5 27. e4 Rh8 28. Rh1 Bc5= 29. h4 gxh4 30. Rxh4 Ng5
31. Qd3 Qe7 32. Bc1 Rad8 33. Bd2 Rh7 34. Bxg5 fxg5= 35. Rh5 Qf6 36. Rf1 Ra8= 37. Rfh1 Rhh8 38. Qc3 Kf8 39. Qd3 Kg7 40. Rc1 Rhe8
41. Rc2 Rf8 42. Rh3 Qd8 43. Rc1 Qe7 44. Qd1 Qf6 45. Qc2 Qe7 46. Qe2 Bb6 47. Rch1 Rh8 48. Qc4 Bc5 49. Qc2 Qf6 50. Rc3 Qe7
51. f6+ Kxf6 52. Rf1+ Kg7 53. Rf7+ Qxf7 54. Bxf7 Kxf7 55. Rxc5 dxc5 56. Qxc5 Rhc8 57. Kf3 Rab8 58. Ke3 c6 59. Qd6 cxd5 60. Qxd5+ Kf6
61. Qd6+ Kf7 62. Qd7+ Kg8 63. Qe6+ Kg7 64. Qxe5+ Kf7 65. Qf5+ Kg7 66. Qd7+ Kf6 67. b6 Rd8 68. Qh7 Rh8 69. Qf5+ Kg7 70. Qd7+ Kf6
71. Qd6+ Kg7 72. Qe7+ Kg6 73. Qd6+ Kg7 74. Qc7+ Kg6 75. e5 Rhd8 76. Qe7 Rg8 77. Qf6+ Kh7 78. Qf5+ Kg7 79. e6 Rbf8 80. Qd5 Rb8
81. Ke4 Rgf8 82. Ke5 Rf2 83. Qd4 Rff8 84. e7 Rfc8 85. Qd7 Re8 86. Ke6 Rbc8 87. Qxb7 Rb8 88. Qc7
1-0

[Event "2017 Standard Chess Dropout Tournament, Round 5"]
[Site "SchemingMind.com"]
[Date "2018.08.16"]
[Round "5"]
[White "Dan Geana"]
[Black "sbb"]
[Result "1/2-1/2"]
[WhiteCountry "ROU"]
[BlackCountry "USA"]
[WhiteElo "2533"]
[WhiteRD "117"]
[BlackElo "2524"]
[BlackRD "73"]
[GameID "431328"]

1. e4 e6 2. d4 d5 3. Nd2 Nf6 4. e5 Nfd7 5. Bd3 c5 6. c3 Nc6 7. Ne2 cxd4 8. cxd4 f6 9. exf6 Nxf6 10. Nf3 Bd6
11. O-O Qc7 12. Bg5 O-O 13. Rc1 Ng4 14. Ng3 g6 15. Nd2 Nf6 16. Nb3 Qb6 17. Be3 Bd7 18. Nc5 Bxc5 19. Rxc5 Qxb2 20. Rb5 Qxa2
21. Rxb7 Rab8 22. Rxb8 Rxb8 23. h4 e5 24. Bg5 Rf8 25. dxe5 Ng4 26. f3 Ngxe5 27. Bb5 Nd8=
1/2-1/2

[Event "2017 Standard Chess Dropout Tournament, Round 5"]
[Site "SchemingMind.com"]
[Date "2018.08.12"]
[Round "5"]
[White "Russell Sherwood"]
[Black "frankly"]
[Result "0-1"]
[WhiteCountry "WLS"]
[BlackCountry "ENG"]
[WhiteElo "2386"]
[WhiteRD "112"]
[BlackElo "2589"]
[BlackRD "71"]
[GameID "431330"]

1. d4 Nf6 2. c4 e6 3. Nc3 Bb4 4. e3 O-O 5. Ne2 d5 6. a3 Be7 7. cxd5 exd5 8. g3 c6 9. Bg2 Re8 10. O-O Nbd7
11. Re1 Nf8 12. f3 Ng6 13. Qc2 Bd7 14. Bd2 Rc8 15. Rad1 a5 16. Qb1 h5 17. h3 c5 18. f4 Bc6 19. a4 c4 20. Qf5 Ra8
21. Bf3 Bb4 22. Qg5 Ra6 23. Rf1 Qd7 24. g4 Bxa4 25. Rc1 hxg4
0-1

[Event "2017 Standard Chess Dropout Tournament, Round 5"]
[Site "SchemingMind.com"]
[Date "2018.08.13"]
[Round "5"]
[White "sbb"]
[Black "chesshub"]
[Result "1/2-1/2"]
[WhiteCountry "USA"]
[BlackCountry "FRA"]
[WhiteElo "2524"]
[WhiteRD "73"]
[BlackElo "2602"]
[BlackRD "81"]
[GameID "431331"]

1. d4 d5 2. c4 c6 3. Nc3 Nf6 4. e3 e6 5. Nf3 Nbd7 6. b3 Bb4 7. Bd2 Qe7 8. Be2 b6 9. O-O O-O 10. Ne5 Bb7
11. Qe1 dxc4 12. Nxc4 Rfd8 13. a3 Bd6 14. Nxd6 Qxd6 15. f3 e5 16. Qg3 Nc5 17. dxc5 Qxd2 18. Qxe5 Nd7 19. Qd4 Nxc5 20. Qxd2 Rxd2
21. b4=
1/2-1/2

[Event "2017 Standard Chess Dropout Tournament, Round 6"]
[Site "SchemingMind.com"]
[Date "2019.02.18"]
[Round "6"]
[White "frankly"]
[Black "sbb"]
[Result "1/2-1/2"]
[WhiteCountry "ENG"]
[BlackCountry "USA"]
[WhiteElo "2572"]
[WhiteRD "66"]
[BlackElo "2550"]
[BlackRD "88"]
[GameID "438293"]

1. d4 Nf6 2. Nf3 d5 3. c4 c6 4. Nc3 e6 5. Bg5 h6 6. Bh4 dxc4 7. e4 g5 8. Bg3 b5 9. Be2 Bb7 10. h4 g4
11. Ne5 Nbd7 12. Bxg4 Nxe5 13. Bxe5 Rg8 14. Bh3 b4 15. Ne2 Nxe4 16. Nf4 Bd6 17. Qh5 Bxe5 18. Qxe5 Nf6 19. O-O-O Qe7 20. Nxe6 fxe6
21. Bxe6 Rf8 22. Rde1 Kd8 23. Qa5+ Qc7 24. Qxb4 Re8=
1/2-1/2

[Event "2017 Standard Chess Dropout Tournament, Round 6"]
[Site "SchemingMind.com"]
[Date "2019.02.15"]
[Round "6"]
[White "George Dimitrov"]
[Black "Dan Geana"]
[Result "1/2-1/2"]
[WhiteCountry "BUL"]
[BlackCountry "ROU"]
[WhiteElo "2491"]
[WhiteRD "80"]
[BlackElo "2582"]
[BlackRD "116"]
[GameID "438294"]

1. e4 e5 2. Nf3 Nc6 3. Bb5 a6 4. Ba4 Nf6 5. O-O Be7 6. Re1 b5 7. Bb3 O-O 8. c3 d6 9. h3 Nb8 10. d4 Nbd7
11. Nbd2 Bb7 12. Bc2 Re8 13. Nf1 Bf8 14. Ng3 g6 15. a4 c5 16. d5 c4 17. Bg5 h6 18. Be3 Nc5 19. Qd2 h5 20. Bxc5 dxc5
21. Qg5 Bg7 22. Nf1 Qc7 23. Red1 Nh7 24. Qe3 Red8 25. Qd2 Rab8 26. Ra2 Nf6 27. Qg5 Ne8 28. Ne3 Qd6 29. Ra3 Bf6 30. Qg3 Bg7
31. Rda1 Ra8 32. Qg5 Bf6 33. Qh6 Bg7 34. Qg5 Bf6=
1/2-1/2

[Event "2017 Standard Chess Dropout Tournament, Round 6"]
[Site "SchemingMind.com"]
[Date "2019.02.18"]
[Round "6"]
[White "greghghs"]
[Black "JAHI"]
[Result "1-0"]
[WhiteCountry "ENG"]
[BlackCountry "INT"]
[WhiteElo "2397"]
[WhiteRD "104"]
[BlackElo "2120"]
[BlackRD "86"]
[GameID "438295"]

1. d4 d6 2. c4 c6 3. Nc3 c5 4. d5 e6 5. e4 exd5 6. cxd5 a6 7. a4 Qc7 8. Nf3 Bg4 9. Be2 Bxf3 10. Bxf3 g6
11. O-O h6 12. e5 dxe5 13. Ne4 Bd6 14. b4 Nd7 15. Be3 Ngf6 16. Nxf6+ Nxf6 17. bxc5 Bxc5 18. Rc1 Nd7 19. Bxc5 Nxc5 20. d6 Qb6
21. Qd5 Ne6 22. Rfe1 Rd8 23. Rcd1 Qb2 24. d7+ Kf8 25. Qd6+ Kg7 26. Bg4 Ng5 27. Qe7 Rhf8 28. h4 Nh7 29. Rd6 e4 30. Rxe4 Nf6
31. Red4 Nxg4 32. Rxg4 Kh8 33. h5 Qb1+ 34. Kh2 Qf5 35. hxg6 Qxg4 36. Qf6+ Kg8 37. gxf7+ Rxf7 38. Qxd8+ Kg7 39. Rd3 Kh7 40. Qe8 Rxf2
41. Qe7+
1-0

[Event "2017 Standard Chess Dropout Tournament, Round 6"]
[Site "SchemingMind.com"]
[Date "2019.02.18"]
[Round "6"]
[White "JAHI"]
[Black "Apocalypse"]
[Result "0-1"]
[WhiteCountry "INT"]
[BlackCountry "USA"]
[WhiteElo "1975"]
[WhiteRD "72"]
[BlackElo "2369"]
[BlackRD "91"]
[GameID "438296"]

1. c3 c5 2. d3 g6 3. d4 Nf6 4. Bg5 Bg7 5. Bxf6 Bxf6 6. dxc5 Qc7 7. g3 O-O 8. Bg2 Qxc5 9. h3 Bg7 10. h4 a5
11. h5 e6 12. h6 Bh8 13. Nd2 Ra6 14. Rc1 Qe7 15. e3 a4 16. Qe2 d6 17. Nh3 Rd8 18. g4 Nc6 19. Bxc6 bxc6 20. f3 Rb6
21. b3 c5 22. Nf2 Ba6 23. c4 axb3 24. axb3 Bb7 25. Rh3 Ra8 26. Nd1 Bc6 27. Nc3 d5 28. Kf1 Rba6 29. Kg2 d4 30. exd4 Bxd4
31. Nb5 Qg5 32. Nxd4 cxd4 33. Kg3 e5 34. Rd1 Ra2 35. Kf2 Rb2 36. Kf1 Qf4 37. Qh2 Qe3 38. Qf2 Qg5 39. Rh2 Qf4 40. Kg1 Raa2
41. Qh4 g5 42. Qh3 Qe3+ 43. Kf1 Bxf3 44. Qxf3 Rxd2 45. Qa8+ Rxa8 46. Rhxd2 Ra6 47. Kg2 Rxh6 48. Ra2 Qh3+ 49. Kf2 e4 50. Ra8+ Kg7
51. Rxd4 Qc3 52. Rxe4 Rh4 53. Rae8 Rh3 54. R8e5 Rh2+ 55. Kg1 Qg3+ 56. Kf1 Qf2#
0-1

[Event "2017 Standard Chess Dropout Tournament, Round 6"]
[Site "SchemingMind.com"]
[Date "2019.02.15"]
[Round "6"]
[White "Dan Geana"]
[Black "greghghs"]
[Result "1-0"]
[WhiteCountry "ROU"]
[BlackCountry "ENG"]
[WhiteElo "2582"]
[WhiteRD "116"]
[BlackElo "2387"]
[BlackRD "96"]
[GameID "438298"]

1. e4 c6 2. d4 d5 3. e5 Bf5 4. Nf3 e6 5. Be2 Ne7 6. O-O c5 7. c4 dxc4 8. Na3 Nd5 9. Bg5 Qd7 10. Nxc4 Nc6
11. Rc1 a6 12. Ne3 h6 13. Bh4 g5 14. Bg3 O-O-O 15. h3 Nxe3 16. fxe3 Qc7 17. Nd2 cxd4 18. exd4 Rxd4 19. Bf2 Rf4 20. Be3 Rxf1+
21. Qxf1 Bg7 22. Bf3 Bxe5 23. Bxc6 bxc6 24. Qf3 Kd7 25. Nc4 Bh2+ 26. Kh1 Rb8 27. Bc5 Rb5 28. Rd1+ Kc8 29. b4 Bc2 30. Rd2 Ba4
31. Qf6
1-0

[Event "2017 Standard Chess Dropout Tournament, Round 6"]
[Site "SchemingMind.com"]
[Date "2019.02.14"]
[Round "6"]
[White "sbb"]
[Black "William Lindberg"]
[Result "1/2-1/2"]
[WhiteCountry "USA"]
[BlackCountry "USA"]
[WhiteElo "2550"]
[WhiteRD "88"]
[BlackElo "2523"]
[BlackRD "68"]
[GameID "438300"]

1. d4 Nf6 2. Nf3 d5 3. c4 e6 4. Nc3 Bb4 5. Qb3 c5 6. dxc5 Na6 7. a3 Bxc3+ 8. Qxc3 Nxc5 9. cxd5 Qxd5 10. Be3 Nce4
11. Qe5 Qxe5 12. Nxe5 Nd5 13. Bc1 Bd7 14. f3 Nc5 15. e4 Nb6 16. Be3 Nb3 17. Rd1 Ba4 18. Bxb6 axb6 19. Rd6 b5 20. Kf2 O-O
21. Be2 Rfd8 22. Rhd1 Rdc8 23. Ke3 Na5 24. R1d2 Nb3 25. R2d3 Na5 26. R3d4 Nc6 27. Nxc6 bxc6 28. Rd2 h6 29. h4 b4 30. axb4 Rcb8
31. e5 Bb5 32. R2d4 Bxe2 33. Kxe2 Ra2 34. Rd8+ Rxd8 35. Rxd8+ Kh7 36. Rd2 Ra4 37. Rd4 Ra2=
1/2-1/2